000 00807nam a2200229Ii 4500
003 JO-AjNU
008 230605s9999||||xx |||||||||||||| ||und||
017 _a2012/12/4790
020 _a978-9957-92-035-7
040 _aJO-AjNU
_bara
_erda
_cJO-AjNU
041 _aara
050 1 4 _aDS231.S534.2013
100 3 _aالشاهين، محمد عمر,
_eauthor
_960150
245 0 0 _aتاريخ الجزيرة العربية قبل الاسلام
250 _aط1
264 3 1 _aعمان: دار الفكر ناشرون وموزعون، 2013
300 _a399ص
_bيحتوي على خرائط وصور توضيحية
336 _atext
_btxt
_2rdacontent
337 _aunmediated
_bn
_2rdamedia
338 _avolume
_bnc
_2rdacarrier
650 4 _aالتاريخ العربي-العصر الجاهلي
_960151
999 _aA27108
_c30676
_d30676